Early Christian Creeds. (Record no. 2359)

MARC details
000 -LEADER
fixed length control field 00573nam a2200241 a 4500
020 ## - INTERNATIONAL STANDARD BOOK NUMBER
ISBN
082 00 - DEWEY DECIMAL CLASSIFICATION NUMBER
Classification number 230.1
Author Cutter KEL
100 ## - MAIN ENTRY--AUTHOR NAME
Author name Kelly, J N D
245 ## - TITLE STATEMENT
Title Early Christian Creeds.
260 ## - PUBLICATION, DISTRIBUTION, ETC. (IMPRINT)
Place of publication London
Name of publisher Longmans, Green and Co
Year of publication 1963
300 ## - PHYSICAL DESCRIPTION
Number of Pages 446p
500 ## - GENERAL NOTE
General note includes index and biblioraphy
505 2# - FORMATTED CONTENTS NOTE
Formatted contents note Index
650 ## - SUBJECT ADDED ENTRY--TOPICAL TERM
Topical Term Theology-Early Church
942 ## - ADDED ENTRY ELEMENTS (KOHA)
Koha item type Books
700 1# -
-- Kelly, J N D
Holdings
Home library Current library Date acquired Cost, normal purchase price Full call number Accession Number Koha item type
Henry Martyn Institute Library Henry Martyn Institute Library   100.00 230.1 KEL 02626 E-Books
Henry Martyn Institute Library Henry Martyn Institute Library   100.00 230.1 KEL 02632 E-Books
                   Copyright © 2026 | Henry Martyn Institute | Hyderabad | TS-500052 | INDIA | Implemented by hmi.edu.in
Hit-Count:

Powered by Koha